000 01019nam a22003137a 4500
003 CHAP
005 20220329133629.0
008 971013s1987 r 00010 d
010 _a8802
011 _a9774
035 _a9009
040 _cCHAP
082 _a532
_bR32Y
100 0 0 _aRabinovich, E. Z.
_993633
245 _aHidráulica
260 _aMoscú :
_bMir,
_c1987
300 _a317 p.
_b: ilus
590 _aBATCH-UPD
_b10
_c20130110
_lUCH01
_h0159
590 _aBATCH-UPD
_b10
_c20130110
_lUCH01
_h0914
590 _aBATCH-UPD
_b10
_c20130409
_lUCH01
_h2205
590 _aBATCH-UPD
_b10
_c20130914
_lUCH01
_h1613
590 _aCONVERSION
_b10
_c20130109
_lUCH01
_h1306
650 1 4 _aHidráulica.
_955219
901 _aBK
942 _cLIBRO
949 _a532 R32Y
_bBC
_cLIBRO
_d33724000393237
_eLIBRO
_fc.3
_gI.c/e
_h77162
_i9009
_so
_t22.00
949 _a532 R32Y
_bBC
_cLIBRO
_d33724000393245
_eLIBRO
_gI.c/e
_h77160
_i9009
_si
_t22.00
949 _a532 R32Y
_bBC
_cLIBRO
_d33724000393351
_eLIBRO
_fc.2
_gI.c/e
_h77161
_i9009
_si
_t22.00
999 _c8802
_d8802